| 000 | 00400nam a2200121 a 4500 | ||
|---|---|---|---|
| 001 | 000038544 | ||
| 005 | 20201002031305.0 | ||
| 008 | 130415s19uu dr a 000 0 spa d | ||
| 040 |
_aDO-SdBNP _bspa _cBNPHU |
||
| 245 | 0 | 0 | _a"La preocupación de la iglesia por la cuestión social" carta enciclica de Juan Pablo II. |
| 260 |
_aSanto Domingo : _bEdiciones MSC, _c[19-?]. |
||
| 300 |
_a56 p. : _bils. ; _c22 cm. |
||
| 999 |
_c38034 _d38034 |
||